000 01021nam a22002177a 4500
003 BDDh-ASL
005 20231015025727.0
008 201022s1999 b ||||| |||| 00| 0 b d
040 _aBDDh-ASL
_cBDDh-ASL
_dBDDh-ASL
041 _aben
082 _a299
_bMAM
100 1 _aমন্ডল, নরেন্দ্র কুমার
_91592
245 1 0 _aমহাবিশ্বে মানুষ ও ধর্ম/
_cনরেন্দ্র কুমার মন্ডল।
246 _aMohabisse Manush o Dharmo
260 _aঢাকা:
_bঅনিত্য,
_c১৯৯৯।
300 _aপৃ.১৪২:
_c২২ সে.মি.।
504 _aনির্ঘন্ট সংযুক্ত।
650 0 _91593
_aঅন্যান্য ধর্ম
650 0 _aমহাবিশ্ব, Universe, Mahābiśba, cosmos মহাবিশ্ব, মহাজগৎ, বিশ্বব্যাপী, বিপুল, the Creation মহাবিশ্ব, জগৎ
_91594
942 _2ddc
_cBK
999 _c18721
_d18721